[Event "Reykjavik Open 2024"]
[Site "Reykjavik ISL"]
[Date "2024.03.18"]
[Round "5.59"]
[White "Soderstrom, Adrian"]
[Black "Rathbone-Jones, Ifan"]
[Result "1/2-1/2"]
[WhiteTitle "FM"]
[WhiteElo "2288"]
[BlackElo "1966"]
[WhiteFideId "1745786"]
[BlackFideId "1803859"]
[EventDate "2024.03.15"]

1. e4 c5 2. Nf3 d6 3. d4 cxd4 4. Nxd4 Nf6 5. Nc3 g6 6. Be3 a6 7. Be2 b5 8. Bf3
e5 9. Nb3 Bb7 10. a3 Nbd7 11. O-O Qc7 12. Qe2 Bg7 13. Rad1 Rd8 14. Nc1 Nb6 15.
N1a2 Nc4 16. Bc1 O-O 17. Nb4 Nxa3 18. Bg5 a5 19. Bxf6 axb4 20. Bxd8 Rxd8 21.
Nxb5 Nxb5 22. Qxb5 Rb8 23. Qd3 Bf8 24. c3 Qc6 25. cxb4 Ba6 26. Qc3 Qb6 27. Rfe1
Rc8 28. Qd2 Rc4 29. Be2 Rxb4 30. Bxa6 Rxb2 31. Qe3 Qxa6 32. Rb1 Rxb1 33. Rxb1
Qa8 34. Qd3 Be7 35. g3 h5 36. h4 Kg7 37. Rc1 Qb7 38. Rc4 Qd7 39. Rc3 Qe6 40. Qd2
Qg4 41. Qd5 Qe6 42. Qb7 Bd8 43. Rc8 Bxh4 44. Ra8 Bf6 45. Qb8 Kh6 46. Kg2 Qc4 47.
Qb7 h4 48. Qd5 h3+ 49. Kxh3 Qf1+ 50. Kh2 1/2-1/2

[Event "Reykjavik Open 2024"]
[Site "Reykjavik ISL"]
[Date "2024.03.18"]
[Round "5.60"]
[White "Unzicker, Ferdinand"]
[Black "Niebler, Paul"]
[Result "1-0"]
[WhiteTitle "FM"]
[WhiteElo "2284"]
[BlackElo "1955"]
[WhiteFideId "4619196"]
[BlackFideId "12902730"]
[EventDate "2024.03.15"]

1. c4 e6 2. Nc3 d5 3. d4 c6 4. g3 Nf6 5. Bg2 dxc4 6. Nf3 b5 7. Ne5 a6 8. O-O Bb7
9. b3 b4 10. Ne4 Nxe4 11. Bxe4 c3 12. Qd3 f5 13. Bg2 Be7 14. a3 a5 15. axb4 axb4
16. Rxa8 Bxa8 17. Qc4 Qc8 18. Nd3 Na6 19. Be3 O-O 20. Ra1 Bb7 21. Ra5 Bd6 22.
Bf4 Bxf4 23. Nxf4 Nc7 24. Qxb4 Nb5 25. Qc4 Kh8 26. Ra2 Re8 27. Nd3 Qd7 28. e3
Ra8 29. Ra4 Qc8 30. Nc5 Ba6 31. Bf1 h6 32. Ra1 Kh7 33. Rc1 Qc7 34. Qxe6 Bc8 35.
Qe8 Ra2 36. Bc4 Nd6 37. Bg8+ Kh8 38. Qf8 g6 39. Bf7+ 1-0

[Event "Reykjavik Open 2024"]
[Site "Reykjavik ISL"]
[Date "2024.03.18"]
[Round "5.61"]
[White "Grigoriev, Dmitriy"]
[Black "Stanford, Maxim Barth"]
[Result "0-1"]
[BlackTitle "IM"]
[WhiteElo "1986"]
[BlackElo "2275"]
[WhiteFideId "34181676"]
[BlackFideId "408280"]
[EventDate "2024.03.15"]

1. e4 c5 2. d4 cxd4 3. Qxd4 Nc6 4. Qd3 g6 5. Nc3 Bg7 6. Nf3 d6 7. Be2 Nf6 8. O-O
O-O 9. Nd5 Nd7 10. c3 e6 11. Ne3 Nc5 12. Qc2 d5 13. exd5 exd5 14. Rd1 Be6 15.
Qd2 Qe7 16. Nc2 Rfe8 17. Bb5 a6 18. Bxc6 bxc6 19. Qf4 Bd7 20. Be3 Ne6 21. Qg3
Rab8 22. Rab1 a5 23. Ne5 Qd6 24. Nxd7 Qxd7 25. Nd4 Nc5 26. Qf4 Ne4 27. Nb3 Be5
28. Qf3 a4 29. Nc5 Nxc5 30. Bxc5 Rb5 31. Be3 a3 32. Bc1 axb2 33. Rxb2 Rxb2 34.
Bxb2 Qa7 35. a3 Qb8 36. Bc1 Bxh2+ 37. Kh1 Be5 38. Re1 Bd6 39. Rxe8+ Qxe8 40. Qd1
Qe5 41. g3 Qxc3 42. a4 Bc5 43. Be3 Bxe3 44. fxe3 Qxe3 45. a5 d4 46. a6 d3 47.
Qb3 Qxg3 48. Qa3 Qh3+ 49. Kg1 Qe3+ 50. Kg2 Qg5+ 51. Kf2 Qf4+ 52. Kg2 d2 53. a7
Qg5+ 54. Qg3 Qd5+ 55. Qf3 Qxf3+ 0-1

[Event "Reykjavik Open 2024"]
[Site "Reykjavik ISL"]
[Date "2024.03.18"]
[Round "5.62"]
[White "Larkin, Benjamin"]
[Black "Beisteiner, Joachim"]
[Result "0-1"]
[WhiteElo "1914"]
[BlackElo "2079"]
[WhiteFideId "479977"]
[BlackFideId "1682296"]
[EventDate "2024.03.15"]

1. e4 e5 2. Nf3 Nc6 3. Bc4 Nf6 4. Ng5 d5 5. exd5 Na5 6. Bb5+ Bd7 7. Qe2 Bd6 8.
Bxd7+ Qxd7 9. Nc3 c6 10. Nge4 Nxd5 11. Nxd5 cxd5 12. Nxd6+ Qxd6 13. O-O O-O 14.
d3 Rfe8 15. c4 Nc6 16. b3 Rad8 17. Bb2 Re6 18. Rfe1 d4 19. a4 a5 20. Ba3 Qd7 21.
Qd2 Rg6 22. g3 f5 23. Kh1 f4 24. gxf4 Qg4 0-1

[Event "Reykjavik Open 2024"]
[Site "Reykjavik ISL"]
[Date "2024.03.18"]
[Round "5.63"]
[White "Naudin, Yvan"]
[Black "Schroer, Marcel"]
[Result "0-1"]
[WhiteElo "1912"]
[BlackElo "2073"]
[WhiteFideId "625957"]
[BlackFideId "1012908"]
[EventDate "2024.03.15"]

1. d4 d5 2. c4 c6 3. Nc3 Nf6 4. Nf3 dxc4 5. a4 Bf5 6. e3 e6 7. Bxc4 Bb4 8. O-O
O-O 9. Qe2 Bg6 10. Ne5 Nbd7 11. Nxg6 hxg6 12. Na2 Bd6 13. e4 e5 14. dxe5 Nxe5
15. Bb3 Nfg4 16. h3 Qh4 17. Bf4 Nf6 18. Bg3 Qxe4 19. Qxe4 Nxe4 20. Bxe5 Bxe5 21.
Rfe1 Nc5 22. Bxf7+ Rxf7 23. Rxe5 Nxa4 24. b3 Nb6 25. Nc3 Nd7 26. Rg5 Nf8 27. Ne4
b6 28. Nd6 Rd7 29. Nc4 Rad8 30. Kh2 Rc7 31. Ne5 Rd6 32. Nc4 Re6 33. Rd1 Rd7 34.
Ra1 c5 35. Ne3 a5 36. Rb1 Rd3 37. Kg3 Nh7 38. Rg4 Nf6 39. Rc4 Ne4+ 0-1

[Event "Reykjavik Open 2024"]
[Site "Reykjavik ISL"]
[Date "2024.03.18"]
[Round "5.64"]
[White "Li, Harry"]
[Black "Thieu, Nguyen Gia Bao"]
[Result "1-0"]
[WhiteElo "2107"]
[BlackElo "1906"]
[WhiteFideId "430145"]
[BlackFideId "12913383"]
[EventDate "2024.03.15"]

1. e4 c5 2. Nf3 Nc6 3. d4 cxd4 4. Nxd4 g6 5. c4 Nf6 6. Nc3 d6 7. Be2 Nxd4 8.
Qxd4 Bg7 9. O-O O-O 10. Qd3 a5 11. Be3 a4 12. Rad1 Qa5 13. Bd4 Be6 14. b3 axb3
15. axb3 Qb4 16. Rb1 Nd7 17. Bxg7 Kxg7 18. f4 Nc5 19. Qe3 f6 20. Nb5 Ra2 21.
Rfd1 Rfa8 22. Bf3 Rc2 23. e5 dxe5 24. fxe5 f5 25. Nd4 Rc3 26. Qe1 Ra2 27. Nb5
Rac2 28. Nxc3 Rxc3 29. Kh1 b5 30. cxb5 Bxb3 31. b6 Qc4 32. Bd5 1-0

[Event "Reykjavik Open 2024"]
[Site "Reykjavik ISL"]
[Date "2024.03.18"]
[Round "5.65"]
[White "Sivanandan, Bodhana"]
[Black "Tripathi, Pratyush"]
[Result "1-0"]
[WhiteTitle "WCM"]
[WhiteElo "2088"]
[BlackElo "1905"]
[WhiteFideId "497592"]
[BlackFideId "1763121"]
[EventDate "2024.03.15"]

1. e4 c5 2. Nc3 a6 3. g3 b5 4. Bg2 Bb7 5. Nge2 e6 6. O-O b4 7. Na4 Nf6 8. d3 Qc7
9. c3 bxc3 10. Naxc3 Nc6 11. Be3 Ng4 12. Bf4 e5 13. Nd5 Qd8 14. Bd2 Be7 15. Nec3
Nf6 16. Nxe7 Qxe7 17. Bg5 Qd6 18. f4 h6 19. Bxf6 Qxf6 20. Qb3 Rb8 21. fxe5 Qe6
22. Qxe6+ dxe6 23. Na4 c4 24. dxc4 Nxe5 25. b3 Bc6 26. Nc5 a5 27. Rad1 a4 28. h3
Ke7 29. Nd3 Nxd3 30. Rxd3 Rb4 31. e5 Bxg2 32. Kxg2 axb3 33. axb3 Rhb8 34. Rff3
f6 35. Rfe3 Ra8 36. Kf3 Ra5 37. Kf4 g5+ 38. Kg4 fxe5 39. Kh5 Ra3 40. Kxh6 e4 41.
Rxe4 Raxb3 42. Rde3 Rxe3 43. Rxe3 g4 44. hxg4 Rxc4 45. g5 Rg4 46. g6 e5 47. Kh5
Rd4 48. Rf3 Rd8 49. g7 e4 50. Rf4 e3 51. Kg6 Rd6+ 52. Kh7 e2 53. Re4+ 1-0

[Event "Reykjavik Open 2024"]
[Site "Reykjavik ISL"]
[Date "2024.03.18"]
[Round "5.66"]
[White "Barthel, Ansgar"]
[Black "Erskine-Pereira, Jack"]
[Result "0-1"]
[WhiteElo "2073"]
[BlackElo "1903"]
[WhiteFideId "4643461"]
[BlackFideId "486388"]
[EventDate "2024.03.15"]

1. d4 e6 2. e4 d5 3. Nc3 Nf6 4. e5 Nfd7 5. f4 c5 6. Nf3 Nc6 7. Be3 a6 8. Qd2 b5
9. dxc5 Bxc5 10. Bd3 Qb6 11. Bf2 Nb4 12. O-O Nxd3 13. cxd3 Bb7 14. d4 Be7 15.
Bh4 Bxh4 16. Nxh4 O-O 17. Kh1 f5 18. exf6 Nxf6 19. Nf3 Ne4 20. Qe3 Rac8 21. Nd1
Rc2 22. Rc1 Qc7 23. Rxc2 Qxc2 24. Ne5 Qd2 25. Qxd2 Nxd2 26. Rf2 Ne4 27. Rf1 Rc8
28. Ne3 a5 29. Nd3 b4 30. Kg1 Ba6 31. Rc1 Rf8 32. Nc5 Nxc5 33. Rxc5 Rxf4 34.
Rxa5 Bd3 35. h3 Rxd4 36. Ng4 Re4 37. Ra8+ Kf7 38. Rb8 Bc2 39. Kf2 h5 40. Rb7+
Kg6 41. Nh2 Bd1 42. Rb6 Kf6 43. Nf3 Re2+ 44. Kf1 Rxb2 45. Nd4 Rxa2 46. Nxe6 Ke5
47. Nc5 b3 48. Ke1 Bc2 49. Kd2 Be4+ 0-1

[Event "Reykjavik Open 2024"]
[Site "Reykjavik ISL"]
[Date "2024.03.18"]
[Round "5.67"]
[White "Jansen, Marijn"]
[Black "Wehding, Anton Bonsvig"]
[Result "1/2-1/2"]
[WhiteElo "1899"]
[BlackElo "2056"]
[WhiteFideId "1089587"]
[BlackFideId "1463217"]
[EventDate "2024.03.15"]

1. e4 c5 2. Nc3 Nc6 3. Bb5 e6 4. Bxc6 bxc6 5. d3 d5 6. Qe2 c4 7. dxc4 Ba6 8.
exd5 cxd5 9. Nxd5 Rc8 10. Ne3 Bc5 11. b3 Bd4 12. Rb1 Qa5+ 13. Bd2 Qxa2 14. Rd1
Bb7 15. Nf3 Bf6 16. O-O Ne7 17. Ng4 Qxc2 18. Nxf6+ gxf6 19. Nd4 Qg6 20. g3 a6
21. Bb4 e5 22. Rfe1 h5 23. Bxe7 Kxe7 24. Qd2 Kf8 25. Qb4+ Kg7 26. Qxb7 exd4 27.
Rxd4 h4 28. Ree4 f5 29. Rxh4 Rb8 30. Qd5 Rhe8 31. Qd6 Rxb3 32. Qxg6+ fxg6 33.
Rd7+ Kf6 34. Rhd4 Re6 35. R7d6 a5 36. c5 Rc3 37. Rxe6+ Kxe6 38. Rd6+ Kf7 39. Rc6
a4 40. Ra6 a3 41. Kg2 Kg7 42. h4 Kh6 43. c6 a2 44. Rxa2 Rxc6 45. Ra7 Rc3 46. Rd7
Ra3 47. Re7 Rc3 48. Re3 Rc2 49. Re7 Rc3 50. Rf7 Ra3 51. f4 Ra2+ 52. Kh3 Rb2 53.
h5 Ra2 54. Rc7 g5 55. fxg5+ Kxh5 56. Rc4 Re2 57. Rb4 Kxg5 58. Rc4 Kf6 59. Rb4
Rd2 60. Rc4 Ke5 61. Ra4 1/2-1/2

[Event "Reykjavik Open 2024"]
[Site "Reykjavik ISL"]
[Date "2024.03.18"]
[Round "5.68"]
[White "Brackmann, Hendrik"]
[Black "Scotti, Martin"]
[Result "1/2-1/2"]
[WhiteElo "2037"]
[BlackElo "1885"]
[WhiteFideId "12905135"]
[BlackFideId "551035065"]
[EventDate "2024.03.15"]

1. e4 c5 2. Nf3 d6 3. d4 cxd4 4. Nxd4 Nf6 5. Nc3 a6 6. Bg5 e6 7. f4 h6 8. Bh4
Qb6 9. a3 Nbd7 10. Bf2 Qc7 11. Qe2 b5 12. g4 e5 13. fxe5 Nxe5 14. h3 Be6 15. Bg2
Rc8 16. Nd5 Bxd5 17. exd5 Be7 18. O-O O-O 19. a4 Rfe8 20. axb5 axb5 21. b3 b4
22. Ra4 Qc3 23. Rc1 Bf8 24. Nb5 Qb2 25. Qf1 Nd3 26. Rb1 Qxc2 27. Nd4 Qxf2+ 28.
Qxf2 Nxf2 29. Kxf2 Rc5 30. Rxb4 Nxd5 31. Rb7 Nc3 32. Ra1 g6 33. Raa7 Bg7 34. Nf3
Nd1+ 35. Kg3 Rf8 36. Bf1 d5 37. Bd3 Rc3 38. Bxg6 Rxf3+ 39. Kxf3 fxg6+ 40. Ke2
Nc3+ 41. Kd3 Be5 1/2-1/2

[Event "Reykjavik Open 2024"]
[Site "Reykjavik ISL"]
[Date "2024.03.18"]
[Round "5.69"]
[White "Carey, Michael"]
[Black "Alic, Miran"]
[Result "1/2-1/2"]
[WhiteElo "1880"]
[BlackElo "2033"]
[WhiteFideId "30923760"]
[BlackFideId "24605425"]
[EventDate "2024.03.15"]

1. Nf3 d5 2. e3 Nf6 3. c4 e6 4. Nc3 Nbd7 5. b3 Bd6 6. Bb2 O-O 7. d4 b6 8. cxd5
exd5 9. Rc1 a6 10. g3 Bb7 11. Bg2 Qe7 12. O-O Rac8 13. Re1 Rfd8 14. Nh4 Ba3 15.
Nf5 Qf8 16. Re2 Bxb2 17. Rxb2 g6 18. Nh4 Qh6 19. Rbc2 Re8 20. Ne2 c6 21. Nf4 Qf8
22. Nf3 Ne4 23. Nd3 f6 24. Bh3 Qd6 25. Qe1 Rc7 26. Nd2 Ng5 27. Bg2 Kg7 28. Qd1
Ne6 29. h4 a5 30. Nf3 Rec8 31. Bh3 Ba6 32. Qd2 Bxd3 33. Qxd3 f5 34. h5 Qe7 35.
Nh4 Qg5 36. hxg6 hxg6 37. Bg2 Kf7 38. a3 Qe7 39. b4 axb4 40. axb4 Qxb4 41. g4
Qe7 42. gxf5 Qxh4 43. fxe6+ Kxe6 44. e4 dxe4 45. Re1 Kf7 46. Rxe4 Qg5 47. Rce2
Nf6 48. Qb3+ Nd5 49. Re5 Qf6 50. Bxd5+ cxd5 51. Qxd5+ Kg7 52. Re6 Qh4 53. Qe5+
Kh6 54. Qe3+ Kg7 55. Qe5+ Kh6 1/2-1/2

[Event "Reykjavik Open 2024"]
[Site "Reykjavik ISL"]
[Date "2024.03.18"]
[Round "5.70"]
[White "Heidarsson, Arnar Milutin"]
[Black "Ozbas, Burak"]
[Result "1/2-1/2"]
[WhiteElo "2037"]
[BlackElo "1876"]
[WhiteFideId "2312875"]
[BlackFideId "6323480"]
[EventDate "2024.03.15"]

1. d4 Nf6 2. c4 e6 3. Nc3 Bb4 4. e3 O-O 5. Bd3 d5 6. a3 Bxc3+ 7. bxc3 dxc4 8.
Bxc4 c5 9. Ne2 Qc7 10. Ba2 b6 11. O-O Ba6 12. Re1 Rd8 13. Bb2 e5 14. Rc1 c4 15.
f3 Nbd7 16. e4 Nc5 17. Rf1 Rac8 18. Qc2 Nd3 19. Rcd1 exd4 20. Nxd4 Nh5 21. Bc1
Nhf4 22. Be3 Qe7 23. a4 Qg5 24. Nf5 g6 25. h4 Qf6 26. Qd2 gxf5 27. Bxf4 Qxh4 28.
Bg5 Qh5 29. Bxd8 Rxd8 30. exf5 Qxf5 31. Rde1 Qc5+ 32. Kh1 Qh5+ 33. Kg1 Qc5+ 34.
Kh1 Qh5+ 35. Kg1 1/2-1/2

[Event "Reykjavik Open 2024"]
[Site "Reykjavik ISL"]
[Date "2024.03.18"]
[Round "5.71"]
[White "Van Veenendaal, Elmer"]
[Black "Fanos, Haralambos"]
[Result "0-1"]
[WhiteElo "2027"]
[BlackElo "1872"]
[WhiteFideId "1026801"]
[BlackFideId "4249208"]
[EventDate "2024.03.15"]

1. b3 d5 2. Bb2 e6 3. Nf3 Nf6 4. e3 Be7 5. g4 Nxg4 6. Bxg7 Rg8 7. Bb2 Bh4 8.
Nxh4 Nxf2 9. Qh5 Nxh1 10. Qxh7 Qg5 11. Bg2 Nd7 12. Bxh1 Qg1+ 13. Ke2 Qxh2+ 14.
Kd3 Nc5+ 15. Kc3 Qe5+ 16. d4 Qxe3+ 17. Kb4 a5+ 18. Ka3 Rf8 19. Ng2 b5 20. Bc3
Qc1+ 21. Bb2 b4# 0-1

[Event "Reykjavik Open 2024"]
[Site "Reykjavik ISL"]
[Date "2024.03.18"]
[Round "5.72"]
[White "Dietzsch, Herbert"]
[Black "Demir, Hilmi Mustafa"]
[Result "1-0"]
[WhiteElo "1998"]
[BlackElo "1842"]
[WhiteFideId "4608364"]
[BlackFideId "6303099"]
[EventDate "2024.03.15"]

1. e4 e5 2. Nf3 Nc6 3. Bc4 Nf6 4. d3 Bc5 5. Bg5 h6 6. Bh4 g5 7. Bg3 d6 8. h4 g4
9. Nh2 h5 10. O-O Be6 11. Nd2 Qe7 12. Re1 O-O-O 13. c3 a6 14. b4 Bb6 15. a4 a5
16. b5 Nb8 17. Nhf1 Rdf8 18. Ne3 Nbd7 19. Bxe6 fxe6 20. Ndc4 Rf7 21. Nxb6+ Nxb6
22. Qc2 Nbd7 23. d4 b6 24. Nc4 exd4 25. cxd4 e5 26. Rac1 Ne8 27. Red1 exd4 28.
Nxd6+ 1-0

[Event "Reykjavik Open 2024"]
[Site "Reykjavik ISL"]
[Date "2024.03.18"]
[Round "5.73"]
[White "Omarsson, Josef"]
[Black "Phan, Stefanus Kf"]
[Result "1/2-1/2"]
[WhiteElo "1803"]
[BlackElo "2019"]
[WhiteFideId "2316102"]
[BlackFideId "5806283"]
[EventDate "2024.03.15"]

1. d4 d5 2. c4 c6 3. Nc3 Nf6 4. Bg5 dxc4 5. e4 b5 6. Bxf6 exf6 7. Nf3 Bb4 8. a4
O-O 9. Qc2 Re8 10. Be2 Bg4 11. Rd1 Bxc3+ 12. bxc3 Qe7 13. h3 Bh5 14. Nd2 Bg6 15.
Bf3 Bxe4 16. Bxe4 f5 17. O-O fxe4 18. Rde1 Nd7 19. axb5 cxb5 20. Rxe4 Qd6 21.
Rfe1 Nf6 22. Rxe8+ Rxe8 23. Rxe8+ Nxe8 24. Qe4 Qe6 25. Qb7 Qe1+ 26. Nf1 h6 27.
Qxb5 Nf6 28. Qxc4 Ne4 29. Qc8+ Kh7 30. Qf5+ Kg8 31. c4 g6 32. Qf3 Nc3 33. g3
Ne2+ 34. Kg2 Nxd4 35. Qf4 Qc3 36. Qb8+ Kh7 37. Ne3 Nc2 38. Nxc2 Qxc2 39. Qxa7 1/2-1/2

[Event "Reykjavik Open 2024"]
[Site "Reykjavik ISL"]
[Date "2024.03.18"]
[Round "5.74"]
[White "Wallasch, Stefan"]
[Black "Gudmundsson, Gunnar Erik"]
[Result "0-1"]
[WhiteElo "1777"]
[BlackElo "2009"]
[WhiteFideId "34646043"]
[BlackFideId "2314339"]
[EventDate "2024.03.15"]

1. d4 Nf6 2. Bg5 e6 3. e4 h6 4. Bxf6 Qxf6 5. Nf3 d6 6. c3 g6 7. Nbd2 Bg7 8. Bd3
Qe7 9. O-O O-O 10. Re1 e5 11. h3 Nd7 12. Nc4 Rd8 13. Qc2 Nf8 14. Ne3 c6 15. Rad1
Ne6 16. Bf1 Nf4 17. dxe5 dxe5 18. Rxd8+ Qxd8 19. Rd1 Qc7 20. Qd2 Be6 21. Bc4 Bf6
22. Bxe6 Nxe6 23. Ng4 Bg7 24. Nxh6+ Kh7 25. Ng4 Rd8 26. Qc2 Nc5 27. Rxd8 Qxd8
28. Ngxe5 Qe7 29. Ng4 Kg8 30. Nd2 b5 31. f3 Qd6 32. Nf1 Qd3 33. Qd2 Qxd2 34.
Nxd2 Nd3 35. Nb3 Nxb2 36. Nd4 Na4 37. Nxc6 Nxc3 38. Nxa7 Bd4+ 39. Kf1 Bxa7 40.
Ne5 Nxa2 41. Ke2 b4 42. Kd1 b3 43. Nc4 Bd4 44. Nd2 Nc3+ 45. Ke1 b2 46. f4 Be3 0-1

[Event "Reykjavik Open 2024"]
[Site "Reykjavik ISL"]
[Date "2024.03.18"]
[Round "5.75"]
[White "Jaroszewicz, Dawid"]
[Black "Cherukuri, Nitesh"]
[Result "0-1"]
[WhiteElo "1757"]
[BlackElo "2000"]
[WhiteFideId "41809742"]
[BlackFideId "30978688"]
[EventDate "2024.03.15"]

1. Nf3 Nf6 2. c4 g6 3. d4 Bg7 4. Nc3 d6 5. h3 O-O 6. e4 c5 7. d5 e6 8. Bd3 exd5
9. exd5 Re8+ 10. Be3 Bh6 11. Qd2 Qe7 12. O-O-O Bxe3 13. Qxe3 Qxe3+ 14. fxe3 a6
15. Ng5 Rxe3 16. Nge4 Nxe4 17. Nxe4 Bf5 18. Nf6+ Kg7 19. Nh5+ Kh6 20. Bxf5 gxf5
21. g4 Nd7 22. Rdf1 fxg4 23. hxg4 Kg6 24. Rf5 Re5 25. Nf4+ Kg7 26. Nh5+ Kg6 27.
Nf4+ Kg7 28. Nh5+ Kf8 29. Nf6 Nxf6 30. Rxf6 Ke7 31. Rhf1 Rf8 32. Rh6 Re4 33. b3
Rxg4 34. Re1+ Kd7 35. Rxh7 Rf4 36. a4 Rf2 37. Rg7 Rf3 38. Kc2 Rh8 39. Re2 Rhh3
40. Rg8 Rc3+ 41. Kd1 Rhd3+ 42. Ke1 Re3 0-1

[Event "Reykjavik Open 2024"]
[Site "Reykjavik ISL"]
[Date "2024.03.18"]
[Round "5.76"]
[White "Stelmaszyk, Nico"]
[Black "Hu, Zhening"]
[Result "1-0"]
[WhiteTitle "FM"]
[WhiteElo "2347"]
[BlackElo "1776"]
[WhiteFideId "16200462"]
[BlackFideId "8622795"]
[EventDate "2024.03.15"]

1. e4 e5 2. Nf3 Nc6 3. Bb5 Nf6 4. O-O Nxe4 5. Re1 Nd6 6. a4 Be7 7. Nc3 O-O 8. d4
Nxb5 9. axb5 Nxd4 10. Nxd4 exd4 11. Nd5 Bf6 12. Qf3 d6 13. Nxf6+ Qxf6 14. Qxf6
gxf6 15. Bh6 Rd8 16. Re7 Bd7 17. h4 Bxb5 18. Ra3 d3 19. cxd3 Rd7 20. Re3 Kh8 21.
Rg3 Rg8 22. Rxg8+ Kxg8 23. d4 a6 24. Re3 Rd8 25. Rg3+ 1-0

[Event "Reykjavik Open 2024"]
[Site "Reykjavik ISL"]
[Date "2024.03.18"]
[Round "5.77"]
[White "Ostensson, Julia"]
[Black "Klimkowski, Jan"]
[Result "0-1"]
[BlackTitle "IM"]
[WhiteElo "1996"]
[BlackElo "2532"]
[WhiteFideId "1747703"]
[BlackFideId "21856222"]
[EventDate "2024.03.15"]

1. e4 c5 2. Nf3 d6 3. Bb5+ Nd7 4. c3 Nf6 5. Qe2 a6 6. Ba4 e6 7. O-O Be7 8. d4 b5
9. Bc2 Bb7 10. Re1 Qc7 11. a4 bxa4 12. Rxa4 O-O 13. Bd3 a5 14. Nbd2 Rfc8 15. Ra1
a4 16. e5 Nd5 17. Nc4 cxd4 18. exd6 Bxd6 19. Nxd6 Qxd6 20. Qe4 N5f6 21. Qxd4 Qc6
22. Bf1 e5 23. Qb4 Qc7 24. Rxa4 Bxf3 25. gxf3 Rab8 26. Qh4 Qd6 27. Bg2 0-1

[Event "Reykjavik Open 2024"]
[Site "Reykjavik ISL"]
[Date "2024.03.18"]
[Round "5.78"]
[White "Risting, Eivind Olav"]
[Black "Skaslien, Ingrid"]
[Result "1-0"]
[WhiteTitle "FM"]
[WhiteElo "2336"]
[BlackElo "1996"]
[WhiteFideId "1517333"]
[BlackFideId "1520660"]
[EventDate "2024.03.15"]

1. d4 d5 2. c4 e6 3. Nc3 c6 4. e3 Nf6 5. Nf3 Nbd7 6. b3 Bb4 7. Bd2 Qe7 8. Be2
O-O 9. O-O b6 10. Qc2 Bb7 11. Bd3 Rac8 12. e4 dxe4 13. Nxe4 h6 14. Bxb4 Qxb4 15.
Nxf6+ Nxf6 16. c5 Qa5 17. Qc4 Nd5 18. a3 Rfd8 19. b4 Qa4 20. Rfc1 Nc7 21. Bc2
Qb5 22. Qb3 bxc5 23. Bd3 c4 24. Rxc4 Qb6 25. Rac1 Nb5 26. Qb2 Rd6 27. a4 Nc7 28.
a5 Qa6 29. Qc2 Nb5 30. Rc5 Rcd8 31. Qe2 Ba8 32. Qe4 g6 33. h4 Qb7 34. Bxb5 cxb5
35. Qf4 Rxd4 36. Qxh6 Rd1+ 37. Rxd1 Rxd1+ 38. Kh2 Qb8+ 39. Ne5 Rd5 40. Qg5 a6
41. Qf6 Rd7 42. f4 Qb7 43. Rc2 Re7 44. h5 gxh5 45. Qg5+ Kf8 46. Qxh5 Re8 47.
Qh6+ Ke7 48. Qg7 1-0

[Event "Reykjavik Open 2024"]
[Site "Reykjavik ISL"]
[Date "2024.03.18"]
[Round "5.79"]
[White "Bjornsson, Sigurbjorn"]
[Black "Heer, Stephan"]
[Result "1-0"]
[WhiteTitle "FM"]
[WhiteElo "2305"]
[BlackElo "1987"]
[WhiteFideId "2300974"]
[BlackFideId "1302345"]
[EventDate "2024.03.15"]

1. e4 c5 2. Nf3 d6 3. d4 cxd4 4. Nxd4 Nf6 5. Nc3 a6 6. Bg5 e6 7. Qd2 Be7 8. f3
h6 9. Be3 e5 10. Nb3 Be6 11. O-O-O h5 12. Kb1 Nbd7 13. h3 b5 14. Bd3 h4 15. f4
Rc8 16. Rhe1 O-O 17. g4 exf4 18. Bxf4 Ne5 19. Nd4 b4 20. Nce2 a5 21. Bxe5 dxe5
22. Nxe6 fxe6 23. Nc1 Nh7 24. Qe2 Qb6 25. g5 Bxg5 26. Bc4 Rc7 27. Bb3 Qc6 28.
Nd3 Bf6 29. Qg4 Re8 30. Qh5 Qb5 31. Nf4 Nf8 32. Rd6 Rce7 33. Nd5 exd5 34. Rxd5
Qxd5 35. Bxd5+ Ne6 36. b3 Kf8 37. Rf1 Rf7 38. Qg4 Rfe7 39. Rf5 1-0

[Event "Reykjavik Open 2024"]
[Site "Reykjavik ISL"]
[Date "2024.03.18"]
[Round "5.80"]
[White "Thorisson, Benedikt"]
[Black "Mohamed, Anees M"]
[Result "0-1"]
[BlackTitle "FM"]
[WhiteElo "1992"]
[BlackElo "2271"]
[WhiteFideId "2314576"]
[BlackFideId "35065815"]
[EventDate "2024.03.15"]

1. e4 c5 2. Nf3 e6 3. d4 cxd4 4. Nxd4 Nc6 5. Nc3 Qc7 6. Be3 a6 7. Qd2 Nf6 8. f3
d6 9. g4 b5 10. O-O-O Bb7 11. Kb1 Ne5 12. g5 Nfd7 13. a3 Nb6 14. Qf2 Nbc4 15.
Bc1 Nxa3+ 16. bxa3 Qxc3 17. Bb2 Qc7 18. f4 Nc4 19. Bxc4 bxc4 20. Rhe1 Rb8 21.
Qe3 c3 22. Qxc3 Qxc3 23. Bxc3 Bxe4+ 24. Ka1 d5 25. Rb1 Bd6 26. Rxb8+ Bxb8 27. f5
exf5 28. Nxf5 Kd7 29. Nxg7 Rc8 30. Bb2 Rxc2 31. Nh5 Ke6 32. Nf6 Be5 33. Bxe5
Kxe5 34. h4 Kd4 35. Rd1+ Kc4 36. Ng4 Kb3 0-1

[Event "Reykjavik Open 2024"]
[Site "Reykjavik ISL"]
[Date "2024.03.18"]
[Round "5.81"]
[White "Baldursson, Rani"]
[Black "Riisem, Oyvind"]
[Result "1-0"]
[WhiteElo "1989"]
[BlackElo "2234"]
[WhiteFideId "7200668"]
[BlackFideId "1504673"]
[EventDate "2024.03.15"]

1. e4 c5 2. Nc3 Nc6 3. f4 g6 4. Nf3 Bg7 5. Bb5 Nd4 6. O-O Nxb5 7. Nxb5 Nf6 8. d3
d5 9. e5 Nd7 10. Qe1 Nb8 11. Nh4 Nc6 12. Kh1 O-O 13. Qf2 b6 14. Bd2 Bb7 15. c3
a6 16. Na3 d4 17. c4 f6 18. exf6 Bxf6 19. Nf3 Qd6 20. Nc2 e5 21. fxe5 Nxe5 22.
Nxe5 Bxe5 23. Qh4 Qc6 24. Qg4 Bc7 25. Bh6 Qd6 26. Qh3 Rxf1+ 27. Rxf1 Re8 28. Ne1
Qe5 29. Qh4 Qe2 30. Rf7 1-0

[Event "Reykjavik Open 2024"]
[Site "Reykjavik ISL"]
[Date "2024.03.18"]
[Round "5.82"]
[White "Petursson, Gudni"]
[Black "Birkisson, Bardur Orn"]
[Result "1/2-1/2"]
[BlackTitle "CM"]
[WhiteElo "1983"]
[BlackElo "2189"]
[WhiteFideId "2301725"]
[BlackFideId "2310597"]
[EventDate "2024.03.15"]

1. e4 c5 2. c3 Nf6 3. e5 Nd5 4. Nf3 e6 5. d4 cxd4 6. cxd4 d6 7. Bc4 Be7 8. O-O
O-O 9. Qe2 b6 10. a3 Bb7 11. Bd2 Nd7 12. Nc3 Nxc3 13. Bxc3 dxe5 14. dxe5 Rc8 15.
Ba6 Bxa6 16. Qxa6 Nc5 17. Qe2 Qd3 18. Qxd3 Nxd3 19. Rfd1 Rfd8 20. Rd2 Nf4 21.
Rxd8+ Bxd8 22. Kf1 Be7 23. g3 Nd5 24. Bd2 Rc2 25. Rb1 b5 26. Ke2 a6 27. Kd3 1/2-1/2